Finish the Pick-up Line Quiz Stats

Quiz not verified by Sporcle

Challenge
Share
Tweet
Embed
Score 0/11 Timer 03:00
0 Plays Today
Start End % Correct
I lost my phone number...can I have yours?
79.8%
Did it hurt...when you fell from heaven?
77.1%
If you were a booger...I'd pick you.
66%
If I could rearrange the alphabet...I'd put U and I together
64.8%
You must be a broom because...you swept me off my feet.
45%
Do you believe in love at first sight...or do I need to walk by again?
36.9%
How much does a polar bear weigh...enough to break the ice.
34.6%
Is that a mirror in your pocket...because I can see myself in your pants.
34.4%
You must be Jamaican because...Jamaican me crazy!
33.1%
I wish I were your derivative...so I could be tangent to your curves
8.1%
I know milk does a body good but...how much have you been drinking?
3.4%

You're not logged in!

Compare scores with friends on all Sporcle quizzes.
Join for Free
OR
Log In

You Might Also Like...

Show Comments

Extras

Created Dec 24, 2009ReportNominate
Tags:end, finish, pickup, rest, start

Top Quizzes Today


Score Distribution

Your Account Isn't Verified!

In order to create a playlist on Sporcle, you need to verify the email address you used during registration. Go to your Sporcle Settings to finish the process.

Report this User

Report this user for behavior that violates our Community Guidelines.

Details: